L'Alzina de Cal Gol /
ISBN:
9788419476258
Descripción Física:
[37] pàgines ; il·lustracions en color ; 30 cm
Colección:
Kairat
Otros Autores:
Obiols, Anna, 1975-
Materias:
Arbres -- Llibres per a infants
; Incendis forestals -- Llibres per a infants
; Contes infantils
Idioma:
Catalán
MARC
| LEADER | 00000nam a22000007a 4500 | ||
|---|---|---|---|
| 001 | 28584 | ||
| 003 | AGDB | ||
| 005 | 20260324181526.0 | ||
| 008 | 240916b spa||||| |||| 00| 0 cat d | ||
| 017 | |a B 21953-2023 | ||
| 020 | |a 9788419476258 | ||
| 040 | |a agdb |b cat | ||
| 100 | |a Regordosa Torrens, Glòria |9 71590 |e text | ||
| 245 | |a L'Alzina de Cal Gol / |c Glòria Regordosa Torrens ; il·lustracions: Anna Obiols Llopart | ||
| 250 | |a Primera edició: |b desembre de 2023 | ||
| 260 | |a [Vilanova i la Geltrú] : |b El Cep i la Nansa ; |c 2023 | ||
| 300 | |a [37] pàgines ; |b il·lustracions en color ; |c 30 cm | ||
| 490 | |a Kairat | ||
| 650 | 0 | |a Arbres |v Llibres per a infants |9 71591 | |
| 650 | 0 | |a Incendis forestals |v Llibres per a infants |9 71592 | |
| 655 | 0 | |a Contes infantils |9 67183 | |
| 700 | |a Obiols, Anna, |d 1975- |4 il·lustracions |9 71585 | ||
| 942 | |2 udc |c ARXIU |n 1 | ||
| 952 | |0 0 |1 0 |4 0 |6 BIB1204 |7 1 |9 97388 |a Arxiu |b Arxiu |d 2024-09-16 |l 0 |o Bib-1204 |p 28584 |r 2024-09-16 00:00:00 |w 2024-09-16 |y ARXIU | ||
| 999 | |c 129265 |d 129265 | ||